Top 25 countries with the most agriculture - Statistics

General Stats
  • This quiz has been taken 250 times
  • The average score is 19 of 25
Answer Stats
Answer % Correct
United States of America
98%
China
97%
Russia
94%
Brazil
93%
India
92%
Mexico
89%
France
87%
Australia
86%
Japan
84%
Argentina
83%
Germany
83%
Indonesia
83%
Italy
81%
Spain
80%
Vietnam
76%
Turkey
74%
Pakistan
73%
Thailand
73%
Iran
72%
Egypt
67%
Nigeria
65%
Bangladesh
64%
Philippines
61%
Kenya
46%
Korea
10%
No matching quizzes found
Score Distribution
Percent of People with Each Score
Percentile by Number Answered
Your Score History
You have not taken this quiz